000 00871nam a2200205 a 4500
005 20240920064446.0
008 991125s1966 mx 000 0 spa u
035 _aUPN01000015528
049 _aSEP
050 4 _aLB7
_bB5.6 no.57-59
245 0 0 _aDidáctica sobre actividades creadoras y prácticas.
260 _aMéxico :
_bOasis :
_bSEP,
_c1966.
300 _a3 v. :
_bil.
440 0 _aBiblioteca pedagógica de mejoramiento profesional ;
_v57-59
505 8 _aContenido:
_gv.1.
_tManualidad y actividades prácticas / redactor y comp. Luis de la Fuente García --
_gv.2.
_tJuegos organizados y actividades de educación física / Juan Manuel Cruz Lirón --
_gv.3.
_tLa recreación en la escuela primaria
650 7 _aActividades creativas
_2
_9137
650 4 _aEducación física
_912884
650 4 _aProgramas de actividades en la educación
_97928
905 _aLibro
999 _c15528
_d15528